[Event "Aarhus op"]
[Site "Aarhus"]
[Date "1991.??.??"]
[Round "6"]
[White "Dokhoian, Yury"]
[Black "Novikov, Igor A"]
[Result "1/2-1/2"]
[WhiteElo "2540"]
[BlackElo "2545"]

1.d4 Nf6 2.c4 e6 3.Nf3 b6 4.g3 Ba6 5.b3 Bb4+ 6.Bd2 Be7 7.Bg2 c6 8.Bc3 d5
9.Ne5 Nfd7 10.Nxd7 Nxd7 11.Nd2 O-O 12.O-O Rc8 13.Re1 c5 14.cxd5 exd5 15.Qb1 Bf6
16.Qb2 Bb7 17.Rac1 Re8 18.Nf3  1/2-1/2

[Event "Altensteig"]
[Site "Altensteig"]
[Date "1991.??.??"]
[Round "6"]
[White "Van der Sterren, Paul"]
[Black "Chernin, Alexander"]
[Result "1/2-1/2"]
[WhiteElo "2485"]
[BlackElo "2605"]

1.d4 Nf6 2.c4 e6 3.Nf3 b6 4.g3 Ba6 5.b3 Bb4+ 6.Bd2 Be7 7.Bg2 c6 8.Bc3 d5
9.Ne5 Nfd7 10.Nxd7 Nxd7 11.Nd2 O-O 12.O-O Nf6 13.e4 b5 14.Re1 dxe4 15.Qc2 Qc7
16.Bb2  1/2-1/2

[Event "Anapa"]
[Site "Anapa"]
[Date "1991.??.??"]
[Round "?"]
[White "Skalik, Przemyslaw"]
[Black "Tunik, Gennady"]
[Result "0-1"]
[WhiteElo "2400"]
[BlackElo "2470"]

1.d4 Nf6 2.c4 e6 3.Nf3 b6 4.g3 Ba6 5.Qa4 Bb7 6.Bg2 c5 7.dxc5 Bxc5 8.O-O O-O
9.Nc3 Be7 10.Rd1 Na6 11.Bf4 Nc5 12.Qc2 Nce4 13.Be5 Qc8 14.Nxe4 Bxe4 15.Qb3 Qb7
16.Bd6 Bxd6 17.Rxd6 Rac8 18.Qb4 Rc7 19.Rad1 Bxf3 20.Bxf3 Qa6 21.c5 Qxa2 22.cxb6 axb6
23.Qxb6 Rcc8 24.Qb5 Rb8 25.Rb6 Rxb6 26.Qxb6 d5 27.Qb7 h6 28.b4 Qb3 29.Rd3 Qc2
30.Kg2 g5 31.h3 Kg7 32.g4 Rc8 33.b5 Rc7 34.Qb8 Nd7 35.Qd8 Ne5 36.Ra3 Rc8
37.Qa5 Ng6 38.Qb4 Rc4 39.Qb3 Qd2 40.Ra2 Nh4+  0-1

[Event "Andorra op"]
[Site "Andorra"]
[Date "1991.??.??"]
[Round "?"]
[White "Magerramov, Elmar"]
[Black "Zarnicki, Pablo"]
[Result "1/2-1/2"]
[WhiteElo "2525"]
[BlackElo "2390"]

1.d4 Nf6 2.c4 e6 3.Nf3 b6 4.g3 Ba6 5.b3 Bb4+ 6.Bd2 Be7 7.Bg2 c6 8.Bc3 d5
9.Ne5 Nfd7 10.Nxd7 Nxd7 11.Nd2 O-O 12.O-O Rc8 13.e4 c5 14.exd5 exd5 15.dxc5 dxc4
16.c6 cxb3 17.Re1 Bb5 18.axb3 Bxc6 19.Bxc6 Rxc6 20.Rxa7 Bf6 21.Ne4 Bxc3 22.Rxd7 Qc8
23.Re3 Bb4 24.Qd3 h6 25.Rf3 Re6 26.Rd4 Be7 27.Nc3 Re1+ 28.Kg2 Qe6 29.Nd5 Bc5
30.Nf4 Qe5 31.Rd7 Qa1 32.Nh3 Qe5 33.Qc4 Re4 34.Qd3 Rd4 35.Rxd4 Qxd4 36.Qxd4 Bxd4
37.Rd3 Bc5 38.Nf4 Ra8 39.h4 Ra2 40.Rd8+ Kh7 41.Nh3 Kg6 42.Rd3 Kf6 43.Rf3+ Ke7
44.Nf4 Rb2 45.h5 Bd4 46.Nd5+ Kd6 47.Nb4 Bf6 48.Rd3+ Kc5  1/2-1/2

[Event "JUG-Cup qual"]
[Site "Arandjelovac"]
[Date "1991.??.??"]
[Round "2"]
[White "Djukic, Zeljko"]
[Black "Pavlovic, Dragoljub"]
[Result "1/2-1/2"]
[WhiteElo "2420"]
[BlackElo "2355"]

1.c4 Nf6 2.Nf3 e6 3.d4 b6 4.g3 Ba6 5.b3 Bb4+ 6.Bd2 Be7 7.Bg2 c6 8.O-O O-O
9.Bc3 d5 10.Ne5 Nfd7 11.Nxd7 Nxd7 12.Nd2  1/2-1/2

[Event "JUG-Cup qual"]
[Site "Arandjelovac"]
[Date "1991.??.??"]
[Round "2"]
[White "Ristic, Nebojsa"]
[Black "Averkin, Orest N"]
[Result "0-1"]
[WhiteElo "2410"]
[BlackElo "2470"]

1.d4 Nf6 2.Nf3 e6 3.c4 b6 4.g3 Ba6 5.Qc2 c5 6.Bg2 Nc6 7.dxc5 Bxc5 8.a3 Rc8
9.Nbd2 Be7 10.O-O Na5 11.b3 b5 12.Nd4 d5 13.Bb2 O-O 14.Bc3 bxc4 15.b4 Nc6
16.Nxc6 Rxc6 17.Rfd1 Rc8 18.e3 Bb7 19.Qb2 Qc7 20.Rdc1 Rfd8 21.Be5 Qd7 22.Bd4 a6
23.Nf3 Ne8 24.Ne5 Qa4 25.Nxc4 Rxc4 26.Rxc4 dxc4 27.Bxb7 Bf6 28.Bc3 Rd3 29.Rc1 Bxc3
30.Rxc3 Nd6 31.Bf3 Rxc3 32.Qxc3 Kf8 33.Qd4 Ke7 34.Qxg7 Qxa3 35.Qg5+ Kd7 36.Qc5 Qa4
37.Qa7+ Kd8 38.Qb6+ Ke7 39.Kg2 Qb5 40.Qc7+ Qd7 41.Qc5 Qb5 42.Qc7+ Qd7 43.Qc5 Qc8
44.Qxc8 Nxc8 45.Kf1 Nb6 46.Bb7 Nd5 47.Bxa6 c3 48.Ke2 Nxb4 49.Bd3 h6 50.Bh7 f5
51.h3 Kf7 52.e4 Kg7 53.exf5 Kxh7 54.fxe6 Kg6 55.f4 Kf6 56.f5 Nd5 57.g4 Nf4+  0-1

[Event "AUT-chT playoff"]
[Site "?"]
[Date "1991.??.??"]
[Round "?"]
[White "Barbero, Gerardo F"]
[Black "Kwatschewsky, Leo"]
[Result "1-0"]
[WhiteElo "2495"]
[BlackElo "2305"]

1.d4 Nf6 2.c4 e6 3.Nf3 b6 4.g3 Ba6 5.Qa4 Be7 6.Bg2 Bb7 7.O-O O-O 8.Nc3 c5
9.Rd1 d6 10.d5 exd5 11.cxd5 a6 12.e4 b5 13.Qc2 Ne8 14.e5 dxe5 15.Nxe5 Bd6
16.Nc6 Qc7 17.Ne4 Nxc6 18.dxc6 Bxc6 19.Nxd6 Bxg2 20.Nxe8 Qc6 21.Nd6 Bf3 22.Be3 Bxd1
23.Rxd1 c4 24.Rd4 Rad8 25.Qd1 c3 26.bxc3 Qxc3 27.Nxb5 Rxd4 28.Nxd4 Qc4 29.Qb1 Re8
30.h4 h5 31.Kh2 Qd5 32.Qc2 Rb8 33.a3 g6 34.Nc6 Rb7 35.Nb4 Qe6 36.Qd3 Rb5
37.Qd8+ Kg7 38.Bd4+ f6 39.Nxa6 Qxa6 40.Qe7+  1-0

[Event "AUT-chT"]
[Site "?"]
[Date "1991.??.??"]
[Round "?"]
[White "Herndl, Harald"]
[Black "Laube, Bernhard"]
[Result "0-1"]
[WhiteElo "2295"]
[BlackElo "2230"]

1.d4 Nf6 2.c4 e6 3.Nf3 b6 4.g3 Ba6 5.b3 Bb4+ 6.Bd2 Qe7 7.Bg2 c6 8.O-O d5
9.Ne5 O-O 10.Bxb4 Qxb4 11.Nd2 Rd8 12.Qc2 Nfd7 13.Nd3 Qd6 14.Rfd1 f5 15.Rac1 Nf6
16.e3 Nbd7 17.Nf3 Rac8 18.Nde5 Bb7 19.Qb2 Qe7 20.b4 Nxe5 21.Nxe5 Nd7 22.Nd3 b5
23.cxb5 cxb5 24.Qa3 a6 25.Qa5 Qd6 26.Bf1 Re8 27.a4 bxa4 28.Qxa4 Nb6 29.Qb3 Bc6
30.Nc5 Bb5 31.Nxa6 Ba4 32.Qb1 Bxd1 33.Rxd1 Nc4 34.Nc5 Rb8 35.Qb3 Qb6 36.Bxc4 dxc4
37.Qxc4 Qxb4 38.Qe2 Qa3 39.Qf3 Qa8 40.Qf4 Qd5 41.Nd3 Rb3 42.Qc7 Qf3 43.Qc2 Reb8
44.h4 Qe4 45.Qc4 Rb1 46.Qc2 R1b6 47.Qa2 h6 48.Ne5 Kh7 49.Qe2 Rb1 50.Nd3 R8b3
51.Rxb1 Rxb1+ 52.Ne1 Qg4 53.Kf1 Qh3+ 54.Kg1 g5 55.hxg5 hxg5 56.Qd2 Qg4 57.Kf1 Qe4
58.Qc3 Kg6 59.Ke2 Qh1 60.Qd2 Qh5+ 61.Nf3 Qh1 62.Ne1 Kh5 63.Qc3 Kg4 64.Qd2 Qb7
65.Kf1 Kh3 66.Qa5 Qg2+ 67.Ke2 Rb2+ 68.Kd1 Qxf2 69.Qc3  0-1

[Event "AUT-chT"]
[Site "?"]
[Date "1991.??.??"]
[Round "?"]
[White "Brestian, Egon"]
[Black "Titz, Heimo"]
[Result "0-1"]
[WhiteElo "2475"]
[BlackElo "2300"]

1.d4 Nf6 2.c4 e6 3.Nf3 b6 4.g3 Ba6 5.Qc2 c5 6.Bg2 Bb7 7.O-O Be7 8.Nc3 cxd4
9.Nxd4 Bxg2 10.Kxg2 Qc7 11.Qd3 O-O 12.e4 d6 13.f3 Nbd7 14.b3 a6 15.Be3 Qb7
16.Rfd1 Rfe8 17.Bf2 Bf8 18.Nc2 Rec8 19.Ne3 Rab8 20.a4 Ne5 21.Qd2 Rc7 22.Rac1 Rbc8
23.Qe2 Nc6 24.Be1 Nd7 25.g4 Nc5 26.Qc2 Nb4 27.Qb1 Be7 28.Ne2 Nc6 29.Bc3 Ne5
30.Ng3 Bg5 31.Ngf1 Bf4 32.Bxe5 Bxe5 33.Rd2 Bf4 34.Rcd1 b5 35.axb5 axb5 36.Ra2 Nd7
37.Qd3 Nc5 38.Qc2 h6 39.Ra5 bxc4 40.bxc4 Nd7 41.Qe2 Ne5 42.Rb5 Qa6 43.Rb2 Nxc4
44.Nxc4 Qxc4 45.Rd3 Qc5 46.Ne3 Qg5 47.Qf2 Rc3 48.Rxc3 Rxc3 49.Nf1 Kh7 50.Rc2 Qe5
51.Ng3 Be3 52.Qe2 g6 53.Nf1 Bf4 54.Ng3 Kg7 55.Qf2 Be3 56.Qe2 Qd4 57.Nf1 Bf4
58.Ng3 Rxc2 59.Qxc2 Qd2+ 60.Qxd2 Bxd2 61.Ne2 g5 62.Nd4 Kf6 63.Nb3 Bc3 64.Kf2 Ke5
65.Ke3 Bb4 66.Nc1 Bc5+ 67.Ke2 Bg1 68.Nd3+ Kd4 69.h3 Kc3 70.Nc1 Bh2 71.Nd3 Bf4
72.Nf2 d5 73.exd5 exd5 74.Nd3 Be5 75.Nc1 Kd4 76.Nd3 Bf4 77.Nb4 Ke5 78.Nd3+ Kd6
79.Nb4 Ke6 80.Nd3 Bd6 81.Nb2 Ke5 82.Nd3+ Kf6 83.Nb2 Ke6 84.Nd3 h5 85.Nf2 f5
86.Nd1 fxg4 87.fxg4 hxg4 88.hxg4 Kf6 89.Nb2 Ke5 90.Kf3 Kd4 91.Nd1 Kd3 92.Nf2+ Kd2
93.Nh3 Be7 94.Nf2 Bc5 95.Nh1 Bd6 96.Nf2 Bf4 97.Nh1 Be3 98.Ng3 Kd3 99.Nh1 Bg1
100.Ng3 Kd2 101.Nf5 d4 102.Ng3 d3  0-1

[Event "AUT-chT"]
[Site "?"]
[Date "1991.??.??"]
[Round "?"]
[White "Horvath, Csaba"]
[Black "Fauland, Alexander"]
[Result "1/2-1/2"]
[WhiteElo "2460"]
[BlackElo "2480"]

1.d4 Nf6 2.c4 e6 3.Nf3 b6 4.g3 Ba6 5.Qa4 Be7 6.Bg2 Bb7 7.Nc3 c5 8.dxc5 bxc5
9.O-O O-O 10.Bf4 Qb6 11.Rfd1 d6 12.Rd2 h6 13.Qb3 Nbd7 14.Rad1 e5 15.Be3 Rab8
16.Qxb6 Nxb6 17.b3 Ne4 18.Nxe4 Bxe4 19.Ne1 Bxg2 20.Kxg2 Nc8 21.Nc2 f5 22.f3 Kf7
23.Rd3 Ke6 24.Bd2 Rb7 25.Ne3 e4 26.Rc3 Bf6 27.Rc2  1/2-1/2

[Event "AUT-chT"]
[Site "?"]
[Date "1991.??.??"]
[Round "?"]
[White "Kwatschewsky, Leo"]
[Black "Janetschek, Karl"]
[Result "1/2-1/2"]
[WhiteElo "2325"]
[BlackElo "2345"]

1.d4 e6 2.c4 Nf6 3.Nf3 b6 4.g3 Ba6 5.b3 Bb4+ 6.Bd2 Be7 7.Bg2 Bb7 8.O-O c5
9.Nc3 cxd4 10.Nxd4 Bxg2 11.Kxg2 O-O 12.e4 Nc6 13.Nxc6 dxc6 14.Qe2 Qc7 15.e5 Nd7
16.f4 Rfd8 17.Be3 Nc5 18.Rad1 Rxd1 19.Rxd1 Rd8 20.Rd2 Rxd2 21.Qxd2 Qd7 22.Qxd7 Nxd7
23.Ne4 Kf8 24.Kf2  1/2-1/2

[Event "AUT-chT"]
[Site "?"]
[Date "1991.??.??"]
[Round "?"]
[White "Laube, Bernhard"]
[Black "Wiedner, Robert"]
[Result "1-0"]
[WhiteElo "2230"]
[BlackElo "2285"]

1.d4 Nf6 2.c4 e6 3.Nf3 b6 4.g3 Ba6 5.Qc2 Bb7 6.Bg2 Be4 7.Qd1 Bb4+ 8.Bd2 Bxd2+
9.Nbxd2 Bb7 10.O-O d6 11.b4 Nbd7 12.Qc2 Qe7 13.e4 e5 14.c5 bxc5 15.bxc5 dxc5
16.Rfb1 Rb8 17.dxe5 Ng4 18.h3 Ngxe5 19.Nxe5 Qxe5 20.Nc4 Qe6 21.Na5 Qa6 22.Qc3 Bc8
23.Rxb8 Nxb8 24.Qxg7 Rf8 25.Qe5+ Be6 26.Qxc5 Qb6 27.Qa3 Rg8 28.Rd1 Nd7 29.e5 Qc5
30.Qf3 Kf8 31.Nc6 Nxe5 32.Qh5 Nd7 33.Qh6+ Rg7 34.Qh4 Qg5 35.Qb4+ Ke8 36.f4 Qf6
37.Qb7 Nb6 38.Qxc7 Nd5 39.Rxd5  1-0

[Event "URS-chT"]
[Site "Azov"]
[Date "1991.??.??"]
[Round "?"]
[White "Itkis, Boris"]
[Black "Nikolenko, Oleg"]
[Result "1/2-1/2"]
[WhiteElo "2355"]
[BlackElo "2450"]

1.d4 Nf6 2.Nf3 e6 3.c4 b6 4.g3 Ba6 5.b3 d5 6.cxd5 exd5 7.Bg2 Bb4+ 8.Bd2 Bxd2+
9.Qxd2 O-O 10.Nc3 Re8 11.Ne5 Bb7 12.e3 Nbd7 13.f4 c5 14.O-O cxd4 15.Qxd4  1/2-1/2

[Event "URS-chT"]
[Site "Azov"]
[Date "1991.??.??"]
[Round "?"]
[White "Neverov, Valeriy"]
[Black "Anastasian, Ashot"]
[Result "0-1"]
[WhiteElo "2540"]
[BlackElo "2485"]

1.d4 Nf6 2.c4 e6 3.Nf3 b6 4.g3 Ba6 5.b3 Bb4+ 6.Bd2 Be7 7.Bg2 c6 8.O-O d5
9.Ne5 Nfd7 10.Nxd7 Nxd7 11.Bc3 O-O 12.Nd2 Nf6 13.e4 b5 14.e5 Nd7 15.c5 b4
16.Bxb4 Bxf1 17.Nxf1 f6 18.exf6 Bxf6 19.f4 g5 20.fxg5 Bg7 21.Qg4 a5 22.Ba3 Qe7
23.Ne3 Qf7 24.Rf1 Qg6 25.Rd1 Rae8 26.h4 h6 27.gxh6 Qxh6 28.Bc1 Nf6 29.Qg5 Qxg5
30.hxg5 Nh5 31.Nf1 Kh7 32.Bh3 Kg6 33.Kg2 Re7 34.Nh2 Ref7 35.Be3 e5 36.Be6 Re7
37.Bg4 exd4 38.Bd2 Re4 39.Bxa5 Nxg3 40.Kxg3 Be5+ 41.Kg2 Bxh2 42.Bf3 Ref4
43.Rd3 R4f5 44.Bd2 Bf4 45.Bxf4 Rxf4 46.b4 Kxg5 47.a4 Rb8 48.b5 cxb5 49.Rb3 b4
50.c6 Kf5 51.Bxd5 Ke5 52.Bf3 Kd6 53.Kg3 Rxf3+ 54.Kxf3 Kxc6 55.Ke2 Kc5 56.Kd3 Ra8
57.Rb1 Rxa4 58.Rc1+ Kb5 59.Kxd4 Ra3 60.Rc8 Rh3 61.Rb8+ Ka4  0-1

[Event "URS-chT"]
[Site "Azov"]
[Date "1991.??.??"]
[Round "?"]
[White "Itkis, Boris"]
[Black "Budnikov, Alexandar"]
[Result "0-1"]
[WhiteElo "2355"]
[BlackElo "2525"]

1.d4 Nf6 2.Nf3 e6 3.c4 b6 4.g3 Ba6 5.b3 Bb4+ 6.Bd2 Be7 7.Bg2 c6 8.Ne5 d5
9.a4 Nfd7 10.Nd3 dxc4 11.Nb4 cxb3 12.Nxa6 Nxa6 13.Qxb3 Rc8 14.O-O O-O 15.Na3 Nf6
16.e3 e5 17.Nc2 Nc5 18.Qa2 e4 19.a5 b5 20.Bh3 Rc7 21.a6 Na4 22.Ba5 Nb6 23.Bxb6 axb6
24.a7 Qa8 25.Qa6 Rb7 26.Rfb1 Nd5 27.Rb3 Re8 28.Bf5 Bf8 29.Bxe4 Nc7 30.Bxc6 Nxa6
31.Rxa6 Rc8 32.d5 Rxc6 33.dxc6 Rxa7 34.Rxb6 Qd8  0-1

[Event "Bad Ragaz op"]
[Site "Bad Ragaz"]
[Date "1991.??.??"]
[Round "9"]
[White "Gheorghiu, Florin"]
[Black "Huss, Andreas"]
[Result "1/2-1/2"]
[WhiteElo "2495"]
[BlackElo "2340"]

1.d4 e6 2.Nf3 Nf6 3.c4 b6 4.g3 Ba6 5.b3 Bb4+ 6.Bd2 Be7 7.Bg2 c6 8.Bc3 d5
9.Ne5 Nfd7 10.Nxd7 Nxd7 11.Nd2 f5 12.O-O O-O 13.Rc1 Rc8 14.Bb2 Bd6  1/2-1/2

[Event "Bad Woerishofen op"]
[Site "Bad Woerishofen"]
[Date "1991.??.??"]
[Round "5"]
[White "Stern, Rene"]
[Black "Hellers, Ferdinand"]
[Result "0-1"]
[WhiteElo "2370"]
[BlackElo "2550"]

1.d4 Nf6 2.c4 e6 3.Nf3 b6 4.g3 Ba6 5.b3 Bb4+ 6.Bd2 Be7 7.Nc3 O-O 8.Bg2 c6
9.O-O d5 10.cxd5 cxd5 11.a3 Nc6 12.Qb1 Na5 13.Rc1 Rc8 14.Qb2 h6 15.Ne1 Bd6
16.Nc2 Nc6 17.Be1 Re8 18.Rd1 Bb8 19.Rac1 e5 20.dxe5 Bxe5 21.e3 Be2 22.Rd2 Bxc3
23.Qxc3 Ne5 24.Qa1 Nf3+ 25.Bxf3 Bxf3 26.Nd4 Be4 27.Rdd1 Nd7 28.f3 Bg6 29.Bf2 Ne5
30.Rc3 Rxc3 31.Qxc3 Qf6 32.f4 Nf3+ 33.Kf1 Nxh2+ 34.Kg2 Ng4 35.Qc6 Qxc6 36.Nxc6 Rxe3
37.Re1 Be4+ 38.Kf1 Rxb3 39.Nxa7 Rb2  0-1

[Event "JUG-ch"]
[Site "Banja Vrucica"]
[Date "1991.??.??"]
[Round "?"]
[White "Ristic, Nebojsa"]
[Black "Nikolic, Boban"]
[Result "1-0"]
[WhiteElo "2410"]
[BlackElo "2285"]

1.d4 Nf6 2.Nf3 e6 3.c4 b6 4.g3 Ba6 5.Qa4 Bb7 6.Bg2 c5 7.O-O cxd4 8.Nxd4 Bxg2
9.Kxg2 Qc8 10.Nc3 Be7 11.Bf4 a6 12.Rfd1 O-O 13.f3 Qb7 14.e4 d6 15.Nde2 Rd8
16.Rd2 Nc6 17.Qd1 Ne5 18.b3 Rd7 19.Qg1 b5 20.cxb5 axb5 21.Nd4 b4 22.Na4 h6
23.h3 Ng6 24.Be3 d5 25.exd5 Nxd5 26.Rad1 Rad8 27.Nc2 Ne5 28.Ne1 Bg5 29.Bxg5 hxg5
30.Qf2 Nc3 31.Rxd7 Rxd7 32.Rd4 Nd1 33.Qd2 Rxd4 34.Qxd4 Qd7 35.Qxd7 Nxd7 36.Nc2 Nc3
37.Nxb4 Nxa4 38.bxa4 Nb6 39.a5 Na8 40.Kf2 Kf8 41.Ke3 Ke7 42.Kd4 Kd6 43.Kc4 Nc7
44.a6 f5 45.a4 e5 46.a7 Na8 47.a5 Kc7 48.Kd5 e4 49.fxe4 f4 50.gxf4 gxf4 51.Nd3 f3
52.e5 Kb7 53.e6 Kxa7 54.Kc6 Kb8  1-0

[Event "JUG-ch"]
[Site "Banja Vrucica"]
[Date "1991.??.??"]
[Round "?"]
[White "Ristic, Nebojsa"]
[Black "Ivanovic, Bozidar"]
[Result "0-1"]
[WhiteElo "2410"]
[BlackElo "2535"]

1.d4 Nf6 2.Nf3 e6 3.c4 b6 4.g3 Ba6 5.Qa4 Be7 6.Nc3 O-O 7.Bg2 c6 8.Bf4 Qc8
9.Rc1 Qb7 10.O-O d5 11.cxd5 cxd5 12.Ne5 b5 13.Qd1 Rc8 14.Re1 Nbd7 15.e4 Nb6
16.exd5 Nfxd5 17.Nxd5 Nxd5 18.Rxc8+ Rxc8 19.Nxf7 Kxf7 20.Qh5+ Kg8 21.Be4 g6
22.Qe5 Kf7 23.Bf3 Qd7 24.Bg4 Rc6 25.Qh8 Nxf4 26.Qxh7+ Ke8 27.gxf4 Kd8 28.d5 Rc5
29.Bxe6 Qd6 30.Qxg6 Qxf4 31.Bg4 Rc1 32.Rxc1 Qxc1+ 33.Kg2 Qf4 34.Qe6 Qd6 35.Qg8+ Kc7
36.Be6 Bb7 37.Qf7 Kb6 38.Qf3 Qd8 39.h4 Qh8 40.h5 Qxb2 41.h6 Qh8  0-1

[Event "JUG-ch"]
[Site "Banja Vrucica"]
[Date "1991.??.??"]
[Round "?"]
[White "Tosic, Miroslav"]
[Black "Bistric, Faruk"]
[Result "1/2-1/2"]
[WhiteElo "2455"]
[BlackElo "2330"]

1.d4 Nf6 2.c4 e6 3.Nf3 b6 4.g3 Ba6 5.b3 Bb4+ 6.Bd2 Be7 7.Nc3 Bb7 8.Bg2 O-O
9.O-O Na6 10.Qc2 c5 11.e4 Nb4 12.Qb1 d5 13.cxd5 exd5 14.e5 Ne4 15.Rd1 Qc8
16.a3 cxd4 17.Nxe4 dxe4 18.Nxd4 Nd3 19.Be3 Bc5 20.Ra2 Rd8 21.Rc2 Qg4 22.Rc4 Nxe5
23.h3 Qd7 24.Rc3 h5 25.Rd2 Nd3 26.Nc2 Bxe3 27.Nxe3 Rac8 28.Rc4 Rxc4 29.bxc4 g6
30.h4 Qe7 31.Qa1 Rd6 32.Qc3 Qd8 33.Kh2 Nc5 34.Re2 Qe7 35.Rd2 Qd8 36.Re2 Bc6
37.Qe5 Re6 38.Qb2 Rd6 39.Qe5 Nd3 40.Qc3 Nc5 41.Qe5  1/2-1/2

[Event "JUG-ch"]
[Site "Banja Vrucica"]
[Date "1991.??.??"]
[Round "?"]
[White "Barlov, Dragan"]
[Black "Dizdarevic, Emir"]
[Result "1-0"]
[WhiteElo "2505"]
[BlackElo "2505"]

1.d4 Nf6 2.c4 e6 3.Nf3 b6 4.g3 Ba6 5.Qb3 Bb7 6.Bg2 c5 7.d5 exd5 8.Nh4 g6
9.cxd5 d6 10.O-O Bg7 11.Nc3 O-O 12.Nf3 Na6 13.Nd2 Nc7 14.Rd1 Rb8 15.a4 Re8
16.Nc4 Ba6 17.Nb5 Bxb5 18.axb5 Ra8 19.Bf4 Bf8 20.Bg5 Rxe2 21.Qf3 Qe8 22.Bxf6  1-0

[Event "Beijing op"]
[Site "Beijing"]
[Date "1991.??.??"]
[Round "3"]
[White "Eingorn, Vereslav S"]
[Black "Namgilov, Sogto"]
[Result "1/2-1/2"]
[WhiteElo "2575"]
[BlackElo "2445"]

1.d4 Nf6 2.Nf3 e6 3.c4 b6 4.g3 Ba6 5.b3 Bb4+ 6.Bd2 Be7 7.Nc3 d5 8.cxd5 exd5
9.Bg2 O-O 10.O-O Re8 11.Qc2 c5 12.Rad1 Nc6 13.Be3 Rc8 14.dxc5 bxc5 15.Nxd5 Nxd5
16.Ng5 Bxg5 17.Rxd5 Qb6 18.Rxg5 Nd4 19.Qb2 Qf6 20.Kh1 Rxe3  1/2-1/2

[Event "Beijing op"]
[Site "Beijing"]
[Date "1991.??.??"]
[Round "6"]
[White "Ardiansyah, Haji"]
[Black "Budnikov, Alexandar"]
[Result "0-1"]
[WhiteElo "2465"]
[BlackElo "2440"]

1.d4 Nf6 2.c4 e6 3.Nf3 b6 4.g3 Ba6 5.b3 Bb4+ 6.Bd2 Be7 7.Bg2 c6 8.O-O d5
9.Bc3 Nbd7 10.Nbd2 Rc8 11.Re1 c5 12.cxd5 Nxd5 13.Bb2 O-O 14.e4 Nb4 15.Nc4 Bxc4
16.bxc4 cxd4 17.Nxd4 Ne5 18.Nxe6 fxe6 19.Bxe5 Nd3 20.Qg4 Nxe5 21.Qxe6+ Nf7
22.e5 Kh8 23.f4 Qd4+ 24.Kh1 Bb4 25.Red1 Qxc4 26.Bd5 Qe2 27.Rac1 Rc2  0-1

[Event "Bern op"]
[Site "Bern"]
[Date "1991.??.??"]
[Round "4"]
[White "Epishin, Vladimir"]
[Black "Petursson, Margeir"]
[Result "1/2-1/2"]
[WhiteElo "2620"]
[BlackElo "2515"]

1.d4 Nf6 2.c4 e6 3.Nf3 b6 4.g3 Ba6 5.b3 Bb7 6.Bg2 Bb4+ 7.Bd2 c5 8.O-O O-O
9.Bxb4 cxb4 10.a3 Na6 11.e3 Qe7 12.a4 Ne4 13.a5 b5 14.Nfd2 Nc3 15.Qc2 Bxg2
16.Kxg2 Nxb1 17.Raxb1 Rfc8 18.Qe4 bxc4 19.bxc4 d6 20.Rfc1 Rab8 21.Nb3 g6
22.Kg1 Rb7 23.Qd3 Rbc7 24.Rb2 Rc6 25.Rbc2 Qb7 26.c5 Qb8 27.cxd6 Qxd6 28.Rxc6 Rxc6
29.Qb5 Rc3 30.Rxc3 bxc3 31.Qc4 Qb4 32.Qxb4 Nxb4 33.Kf1 Kf8 34.Ke2 Ke7 35.Nc5 a6
36.Ne4 c2 37.Kd2 Kd7 38.Nf6+ Kc6 39.Nxh7 Kb5 40.Nf6 Kxa5 41.h4 Ka4 42.Ne4 Kb3
43.Nc5+ Kb2 44.Nd3+  1/2-1/2

[Event "Biel op"]
[Site "Biel"]
[Date "1991.??.??"]
[Round "3"]
[White "Jakob, Simon"]
[Black "Lee, Graham D"]
[Result "1/2-1/2"]
[WhiteElo "2210"]
[BlackElo "2385"]

1.d4 Nf6 2.Nf3 e6 3.c4 b6 4.g3 Ba6 5.b3 Bb4+ 6.Bd2 Be7 7.Bg2 c6 8.Bc3 d5
9.Nbd2 O-O 10.Ne5 Nfd7 11.Nxd7 Nxd7 12.O-O Rb8 13.e4 b5 14.Re1 bxc4 15.bxc4 dxc4
16.Qa4 Bb5 17.Qc2 Ba3 18.Nxc4 Bxc4 19.Qa4 Bb2 20.Bxb2 Rxb2 21.Qxc4 Qb6 22.Rad1 Ne5
23.Qc3 Rd8 24.Rf1 Ng6 25.a4 Ra2 26.d5 cxd5 27.exd5 Rxa4 28.dxe6 fxe6 29.Rxd8+ Qxd8
30.Qc6 Rd4 31.Qxe6+ Kf8  1/2-1/2

[Event "Latin Cup Final"]
[Site "Bogota"]
[Date "1991.??.??"]
[Round "2"]
[White "Toth, Christian Endre"]
[Black "Milos, Gilberto"]
[Result "1/2-1/2"]
[WhiteElo "2305"]
[BlackElo "2530"]

1.d4 Nf6 2.c4 e6 3.Nf3 b6 4.g3 Ba6 5.Nbd2 c5 6.Bg2 Bb7 7.O-O cxd4 8.Nxd4 Bxg2
9.Kxg2 Qc8 10.e3 Qb7+ 11.Qf3 Qxf3+ 12.Kxf3 a6 13.b3 Be7 14.Bb2 O-O 15.Ke2 Rc8
16.Rac1 Ra7 17.f4 d6  1/2-1/2

[Event "Borovo"]
[Site "Borovo"]
[Date "1991.??.??"]
[Round "6"]
[White "Plachetka, Jan"]
[Black "Savon, Vladimir A"]
[Result "1/2-1/2"]
[WhiteElo "2425"]
[BlackElo "2465"]

1.d4 Nf6 2.c4 e6 3.Nf3 b6 4.g3 Ba6 5.b3 Bb7 6.Bg2 Bb4+ 7.Bd2 a5 8.O-O O-O
9.Bg5 Be7 10.Nc3 h6 11.Bf4 Ne4 12.Qc2 Nxc3 13.Qxc3 d6 14.Rad1 Nd7 15.Qc2 Nf6  1/2-1/2

[Event "Brno Morava-A"]
[Site "Brno"]
[Date "1991.??.??"]
[Round "8"]
[White "Epishin, Vladimir"]
[Black "Dautov, Rustem"]
[Result "1/2-1/2"]
[WhiteElo "2615"]
[BlackElo "2595"]

1.d4 Nf6 2.c4 e6 3.Nf3 b6 4.g3 Ba6 5.b3 Bb4+ 6.Bd2 Be7 7.Bg2 d5 8.cxd5 exd5
9.Nc3 O-O 10.O-O Bb7 11.Rc1 Na6 12.Ne5 c5 13.dxc5 bxc5 14.Bf4 Rc8 15.e3 Nc7
16.Ng4 Ne4 17.Bxc7 Rxc7 18.Nxe4 dxe4 19.Ne5 Qc8 20.Qe2 Qe6 21.Nc4 Rd8 22.Rfd1 Rcd7
23.Rxd7 Qxd7 24.Bf1 Qd5  1/2-1/2

[Event "Brocco op"]
[Site "Brocco"]
[Date "1991.??.??"]
[Round "2"]
[White "Chernin, Alexander"]
[Black "Huss, Andreas"]
[Result "1-0"]
[WhiteElo "2610"]
[BlackElo "2340"]

1.d4 e6 2.c4 Nf6 3.Nf3 b6 4.g3 Ba6 5.b3 Bb4+ 6.Bd2 Be7 7.Bg2 c6 8.O-O d5
9.Ne5 Nfd7 10.Nxd7 Qxd7 11.Bc3 dxc4 12.d5 cxd5 13.Bxg7 Rg8 14.Bb2 Nc6 15.bxc4 Bxc4
16.Nd2 Ba6 17.Rc1 Rc8 18.Re1 Bb7 19.e4 d4 20.e5 Nb4 21.Rxc8+ Qxc8 22.Ne4 d3
23.Ba3 Bxe4 24.Bxe4 Qc2 25.Bxb4 Bxb4 26.Bxd3 Qxd1 27.Rxd1 h6 28.Bb5+ Kf8
29.Rd7 Kg7 30.Rxa7 Rd8 31.Bd7 Kf8 32.Kg2 Bc5 33.Rc7 Ke7 34.Bb5+ Kf8 35.a4 Rd5
36.Bc4 Rxe5 37.a5 Re4 38.Bf1 Ra4 39.a6 Kg7 40.a7 Bd4 41.Bb5  1-0

[Event "Brocco op"]
[Site "Brocco"]
[Date "1991.??.??"]
[Round "8"]
[White "Chernin, Alexander"]
[Black "Gavrikov, Viktor"]
[Result "1/2-1/2"]
[WhiteElo "2605"]
[BlackElo "2485"]

1.d4 Nf6 2.c4 e6 3.Nf3 b6 4.g3 Ba6 5.b3 Bb4+ 6.Bd2 Be7 7.Bg2 O-O 8.O-O c6
9.Bc3 d5 10.Ne5 Nfd7 11.Nxd7 Nxd7 12.Nd2 b5  1/2-1/2

[Event "Zeus (Women)"]
[Site "Budapest"]
[Date "1991.??.??"]
[Round "4"]
[White "Horvath, Julia"]
[Black "Csoke, Adrienn"]
[Result "1/2-1/2"]
[WhiteElo "2235"]
[BlackElo "2170"]

1.d4 Nf6 2.c4 e6 3.Nf3 b6 4.g3 Ba6 5.Qc2 c5 6.Bg2 Bb7 7.O-O Na6 8.Qd1 cxd4
9.Nxd4 Bxg2 10.Kxg2 Be7 11.b3 O-O 12.Bb2 Qc8 13.Nd2 Qb7+ 14.Kg1 Rfd8 15.e3 Nc5
16.Qe2 Bf8 17.N4f3 Nce4 18.Nxe4 Nxe4 19.Rfd1 Rac8 20.Nd2 Nc5 21.Bd4 d5 22.Bxc5 Bxc5
23.cxd5 Rxd5 24.Nf3 Rcd8 25.Rac1 Qd7 26.Rxd5 Qxd5 27.Rc2 Qe4 28.Rc1 Qd5 29.Rc2 Qe4
30.Rc1 Qd5 31.Rc2  1/2-1/2

[Event "Elekes mem"]
[Site "Budapest"]
[Date "1991.??.??"]
[Round "4"]
[White "Atalik, Suat"]
[Black "Farago, Ivan"]
[Result "1/2-1/2"]
[WhiteElo "2420"]
[BlackElo "2495"]

1.d4 e6 2.c4 Nf6 3.Nf3 b6 4.g3 Ba6 5.b3 Bb4+ 6.Bd2 Be7 7.Bg2 d5 8.cxd5 exd5
9.Nc3 O-O 10.O-O Bb7 11.Ne5 Na6 12.Bc1 c6 13.Bb2 Nc7 14.Rc1 Ne6 15.e3 Re8
16.Ne2 Rc8 17.Qd3 Bd6 18.Qf5 Qe7 19.Rc2 Nd7 20.Nf3  1/2-1/2

[Event "Budapest Kasparov"]
[Site "Budapest"]
[Date "1991.??.??"]
[Round "5"]
[White "Horvath, Csaba"]
[Black "Dzevlan, Miralem"]
[Result "1/2-1/2"]
[WhiteElo "2460"]
[BlackElo "2405"]

1.d4 Nf6 2.c4 e6 3.Nf3 b6 4.g3 Ba6 5.Qa4 Bb7 6.Bg2 c5 7.dxc5 bxc5 8.O-O Be7
9.Nc3 O-O 10.Rd1 d6 11.Bf4 Qb6 12.Rd2 Nc6 13.Bxd6 Bxd6 14.Rxd6 Qxb2 15.Rb1 Qxc3
16.Rxb7 Nd4 17.Qd1 Rad8 18.Rxd8 Rxd8 19.Nxd4 cxd4 20.Rxa7 Qxc4 21.a4 g6 22.Bf3 d3
23.exd3 Rxd3 24.Qe2 Qd4 25.Ra8+ Kg7 26.a5  1/2-1/2

[Event "Budapest Kasparov"]
[Site "Budapest"]
[Date "1991.??.??"]
[Round "7"]
[White "Gruenberg, Hans Ulrich"]
[Black "Dzevlan, Miralem"]
[Result "0-1"]
[WhiteElo "2485"]
[BlackElo "2405"]

1.d4 Nf6 2.c4 e6 3.Nf3 b6 4.g3 Ba6 5.b3 Bb4+ 6.Bd2 Be7 7.Bg2 c6 8.Bc3 d5
9.Ne5 Nfd7 10.Nxd7 Nxd7 11.Nd2 b5 12.c5 e5 13.b4 e4 14.f3 f5 15.fxe4 fxe4
16.O-O Nf6 17.Nb3 O-O 18.Bd2 Bc8 19.a4 Ba6 20.Bh3 Bc8 21.Bg2 Ba6 22.Bh3 Qe8
23.Bf4 bxa4 24.Rxa4 Bb5 25.Ra2 Qh5 26.Be6+ Kh8 27.Na5 Qg6 28.Bh3 Nh5 29.Be5 Qh6
30.Bf5 Qg5 31.h4 Qe3+ 32.Kg2 Bf6 33.Qd2 Qxd2 34.Rxd2 Bxe5 35.dxe5 g6 36.Bd7 Rxf1
37.Kxf1 e3 38.Rxd5 Rf8+ 39.Kg1 Bxe2 40.Nxc6 Rf1+ 41.Kg2 Rf2+  0-1